LIBRARY & INFORMATION CENTRE, KCAET, TAVANUR

ONLINE PUBLIC ACCESS CATALOGUE (OPAC)

Biomass, catalysts and liquid fuels / (Record no. 9759)

MARC details
000 -LEADER
fixed length control field 00416cam a2200169ua 4500
003 - CONTROL NUMBER IDENTIFIER
control field OSt
008 - FIXED-LENGTH DATA ELEMENTS--GENERAL INFORMATION
fixed length control field 241030b |||||||| |||| 00| 0 eng d
020 ## - INTERNATIONAL STANDARD BOOK NUMBER
ISBN 87762-331-7
041 ## - LANGUAGE CODE
Language code of text/sound track or separate title eng
082 ## - DEWEY DECIMAL CLASSIFICATION NUMBER
Classification number 621.47
Item number CAM/BI
100 ## - MAIN ENTRY--AUTHOR NAME
Personal name Campbell, Ian M .
245 ## - TITLE STATEMENT
Title Biomass, catalysts and liquid fuels /
250 ## - EDITION STATEMENT
Edition statement 1 /
260 ## - PUBLICATION, DISTRIBUTION, ETC. (IMPRINT)
Place of publication :
Name of publisher Technomic publishing co ,
Year of publication 1983.
300 ## - PHYSICAL DESCRIPTION
Number of Pages 169 ; .
942 ## - ADDED ENTRY ELEMENTS (KOHA)
Koha item type Books
Holdings
Withdrawn status Lost status Damaged status Home library Current library Shelving location Date acquired Full call number Accession Number Koha item type
      KAUAET KAUAET Shelf- 7A 27/03/1987 621.47 CAM/BI 16277 Books
free website counter